000 00621nam a2200205Ia 4500
003 GCL
008 140319s9999 xx 000 0 ara d
040 _aGCL /
_cGCL
082 0 4 _a327.11
_bس ر
100 1 _aسليمان الشطى
245 1 0 _aرسالة لمن يهمه امر هذه الامة /
_cسليمان الشطى
300 _a53 ص
490 _aالهيئة العامة للاستعلامات
_v0
650 0 4 _aالكويت
650 0 4 _aالعراق
650 0 4 _aحرب الخليج
650 0 4 _aالاحتلال
650 0 4 _aالاحتلال العراقى (1990 - 1991)
942 _2ddc
_cBK
999 _c50619
_d50619